000 00201nam a2200097Ia 4500
100 _aFoseco
942 _cBK
245 _aFoundryman''''s Hand book
260 _bPergamon press
_c1965
546 _aENGLISH
999 _c25265
_d25265